States of Germany - Full Names - Statistics

General Stats
  • This quiz has been taken 18 times
  • The average score is 20 of 22
Answers on the Map
Answers color-coded by a green-red scale on the quiz's map according to % correct below.
 
Answer Stats
State % Correct
{Berlin}
100%
{Bremen}
100%
{Hamburg}
100%
{Lower Saxony}
100%
{Saarland}
100%
{Saxony}
100%
{Saxony}
100%
{Bavaria}
94%
{Baden}
88%
{Brandenburg}
88%
{Holstein}
88%
{Mecklenburg}
88%
{Rhineland}
88%
{Westphalia}
88%
{Anhalt}
81%
{Hesse}
81%
{Palatinate}
81%
{Schleswig}
81%
{Thuringia}
81%
{Württemberg}
81%
{North Rhine}
75%
{Vorpommern}
75%
No matching quizzes found
Score Distribution
Percent of People with Each Score
Percentile by Number Answered
Your Score History
You have not taken this quiz